| 000 | 01206cam a2200325 i 4500 | ||
|---|---|---|---|
| 999 |
_c9933 _d9933 |
||
| 001 | 37457955 | ||
| 003 | OCoLC | ||
| 005 | 20210205152828.0 | ||
| 008 | 970806r19971987paua 000 0deng | ||
| 010 | _a97036659 | ||
| 020 | _a0883683245 (trade paper : alk. paper) | ||
| 020 | _a9780883683248 (trade paper : alk. paper) | ||
| 035 | _a(OCoLC)37457955 | ||
| 040 |
_aDLC _beng _erda _cDLC _dBAKER _dBTCTA _dWMC |
||
| 050 | 1 | 0 |
_aBF1548 _bB877R |
| 082 | 0 | 0 |
_a239 _221 _bB877R |
| 090 |
_aBF1548 _b.B76 1987 |
||
| 100 | 1 |
_aBrown, Rebecca, _cM.D. _0http://id.loc.gov/authorities/names/n86057078 |
|
| 245 | 1 | 0 |
_aPrepare for war / _cby Rebecca Brown. |
| 264 | 1 |
_aNew Kensington, PA : _bWhitaker House, _c[1997] |
|
| 300 |
_a336 pages : _billustrations ; _c23 cm |
||
| 336 |
_atext _btxt _2rdacontent |
||
| 337 |
_aunmediated _bn _2rdamedia |
||
| 338 |
_avolume _bnc _2rdacarrier |
||
| 500 | _aOriginally published: Chino, CA : Chick Publications, c1987. | ||
| 600 | 1 | 0 |
_aBrown, Rebecca, _cM.D. _0http://id.loc.gov/authorities/names/n86057078 |
| 650 | 0 |
_aSatanism. _0http://id.loc.gov/authorities/subjects/sh85117624 |
|
| 650 | 0 |
_aChristian life. _0http://id.loc.gov/authorities/subjects/sh85025095 |
|
| 942 |
_2ddc _cBK |
||